| 000 | 00743nam a22002177a 4500 | ||
|---|---|---|---|
| 005 | 20150520130742.0 | ||
| 008 | 140714b xxu||||| |||| 00| 0 Urdu d | ||
| 010 | _aUR-8936 | ||
| 020 | _c300.00 | ||
| 035 | _aU-7491 | ||
| 037 | _bBPPD/Pub/Ven | ||
| 040 |
_aDPL _bUrdu |
||
| 082 | _a840.920 | ||
| 100 | _aفا ر و ق ا حمد | ||
| 245 |
_aشا ہ علی حسن جا ءسی فن ا و ر شخصيت _cفا ر و ق ا حمد |
||
| 246 |
_aShah Ali Hasan Jaisi Fun Aur Shakhsiyat _bBy Farooq Ahmad |
||
| 260 |
_bEducational Publishing House _c2013 _aDelhi |
||
| 270 |
_a3108,Vakil Street Kucha Pandit,Lal Kuan _bDelhi _k01123216162 _e110006 |
||
| 300 |
_a303ص _c22Cm (Hb) |
||
| 942 |
_2ddc _cUR _e _h840.920 _mف ا ر |
||
| 999 |
_c93792 _d93792 |
||